000 00652nam a2200205Ia 4500
003 LDD
008 181029s9999 xx 000 0 und d
020 _a9780415977012
_cP 85.00
040 _cLDD
100 _aCortese, Daniel K.
245 0 _aAre we thinking straight?
_bthe politics of straigtness in a lesbian and gay soci
_cDaniel K. Cortese
260 _aNew York
_bRoutledge
_c2006
300 _axiv, 213p.
365 _bP 85.00
440 _aNew approachs in sociology /edited by Nancy A. Naples
901 _a7965
_b14-11-2011
902 _aIN22270
_b22-11-2011
_cF
_dSB
_e31
903 _aDiscount-15
_bReqst by : G. Pradhan
942 _2ddc
_cBK
999 _c99475
_d99475